The State and the working people in Tanzania / (Record no. 9703)

MARC details
000 -LEADER
fixed length control field 00964nam a2200325 a 4500
001 - CONTROL NUMBER
control field 1487318
005 - DATE AND TIME OF LATEST TRANSACTION
control field 20260511090828.0
008 - FIXED-LENGTH DATA ELEMENTS--GENERAL INFORMATION
fixed length control field 870929s1986 sg b 000 0 eng
010 ## - LIBRARY OF CONGRESS CONTROL NUMBER
LC control number 87406034
020 ## - INTERNATIONAL STANDARD BOOK NUMBER
International Standard Book Number 0906968135
020 ## - INTERNATIONAL STANDARD BOOK NUMBER
International Standard Book Number 0906968127
020 ## - INTERNATIONAL STANDARD BOOK NUMBER
International Standard Book Number 9780906968130
020 ## - INTERNATIONAL STANDARD BOOK NUMBER
International Standard Book Number 9780906968123
035 ## - SYSTEM CONTROL NUMBER
System control number 1487318
040 ## - CATALOGING SOURCE
Transcribing agency IRDP
043 ## - GEOGRAPHIC AREA CODE
Geographic area code f-tz---
050 00 - LIBRARY OF CONGRESS CALL NUMBER
Classification number HD8797
Item number .S7 1986
082 00 - DEWEY DECIMAL CLASSIFICATION NUMBER
Classification number 32O.1 STA
Edition number 19
245 04 - TITLE STATEMENT
Title The State and the working people in Tanzania /
Statement of responsibility, etc. edited by Issa G. Shivji.
260 ## - PUBLICATION, DISTRIBUTION, ETC. (IMPRINT)
Place of publication, distribution, etc. Dakar, Senegal :
Name of publisher, distributor, etc. CODESRIA,
Date of publication, distribution, etc. 1986.
300 ## - PHYSICAL DESCRIPTION
Extent 194 p. ;
Dimensions 23 cm.
440 #0 - SERIES STATEMENT/ADDED ENTRY--TITLE
Title [Codesria book series]
500 ## - GENERAL NOTE
General note Series statement from book jacket.
504 ## - BIBLIOGRAPHY, ETC. NOTE
Bibliography, etc Includes bibliographies.
650 #0 - SUBJECT ADDED ENTRY--TOPICAL TERM
Topical term or geographic name as entry element Labor policy
Geographic subdivision Tanzania.
700 1# - ADDED ENTRY--PERSONAL NAME
Personal name Shivji, Issa G.
906 ## - LOCAL DATA ELEMENT F, LDF (RLIN)
a 7
b cbc
c orignew
d 2
e ncip
f 19
g y-gencatlg
942 ## - ADDED ENTRY ELEMENTS (KOHA)
Source of classification or shelving scheme Dewey Decimal Classification
Koha item type BOOKS
Holdings
Withdrawn status Lost status Source of classification or shelving scheme Damaged status Not for loan Home library Current library Shelving location Date acquired Total Checkouts Full call number Barcode Date last seen Price effective from Koha item type
    Dewey Decimal Classification     Dodoma Dodoma Ground Floor 11/05/2026   32O.1 STA LIB003536 11/05/2026 11/05/2026 BOOKS

IRDP © 2021 :: Managed by ICT Team